Nutrient management in rubber seedling nursery: Effect of inorganic and biofertilizers (Record no. 64244)

MARC details
000 -LEADER
fixed length control field 00574nam a2200145Ia 4500
100 ## - MAIN ENTRY--AUTHOR NAME
Personal name Syamala V K
245 #0 - TITLE STATEMENT
Title Nutrient management in rubber seedling nursery: Effect of inorganic and biofertilizers
260 ## - PUBLICATION, DISTRIBUTION, ETC. (IMPRINT)
Name of publisher IRC 2012. International Rubber Conference, 28-31 October 2012, Kovalam, India, Rubber Research Institute of India, Kottayam and IRRDB, Malaysia: Abstracts. pp.148-149.
650 ## - SUBJECT ADDED ENTRY--TOPICAL TERM
Topical Term Nutrient management
700 ## - ADDED ENTRY--PERSONAL NAME
Personal name George Sherin
700 ## - ADDED ENTRY--PERSONAL NAME
Personal name Jessy M D
700 ## - ADDED ENTRY--PERSONAL NAME
Personal name Joseph Kochuthressiamma
942 ## - ADDED ENTRY ELEMENTS (KOHA)
Koha item type Journals
Holdings
Withdrawn status Lost status Damaged status Not for loan Home library Current library Shelving location Date acquired Koha item type
      Journals RRII Library RRII Library Crop management 17/04/2013 Journals